00813nac a22002291u 4500010001700000020001500017035002300032082001900055090001500074100003400089245008200123260003100205300004700236500001100283504006400294650001600358650002700374650002400401942002200425999001500447952012100462 a 2004116572 a0976268604 a(OCoLC)ocm5770715404a658.314bB1688 c2504d2504 aBakke, Dennis. 10aJoy at work :ba revolutionary approach to fun on the job /cDennis W. Bakke. aSeattle, WA :bPVG,c2005. a314 p., [8] p. of plates :bill. ;c25 cm. aShuaa. aIncludes bibliographical references (p. 299-304) and index. 0aLeadership. 0aOrganizational change. 0aStrategic planning. cBBk658.314 B1688 c2504d2504 00104070aMAINbMAINc1STd2007-02-21ePurchasel4m3o658.314 BAKp000001749r2025-07-15 00:00:00s2016-04-24yBB